Elemente des Periodensystems nach Hinweis - Statistiken

Allgemein
  • Dieses Quiz wurde 450 mal gespielt
  • Das Durchschnittsergebnis liegt bei 9 aus 20
Antwortstatistiken
Hinweis Antwort % Korrekt
Hat die Formel Fe Eisen
91%
Zeppeline sind damit gefüllt Wasserstoff
77%
Edelmetall, das Gold in der Kreditkartenwelt übertrumpft Platin
65%
Wovon Holzkohle gemacht ist Kohlenstoff
56%
Die Freiheitsstatue wurde daraus hergestellt Kupfer
56%
Auch der Name von Supermans Heimatplaneten Krypton
51%
Als Zusatz zu Wasser kann es helfen, Karies vorzubeugen Fluor
48%
Einer von zwei Elementen, der nach einem US-Staat benannt ist (nenne eins) Californium / Tenness
43%
Woraus Glühbirnenfäden bestehen Wolfram
43%
Das fünfte Element im Periodensystem Bor
42%
Entdeckt von Marie Curie und benannt nach ihrem Geburtsland Polonium
42%
Woraus die meisten Flugzeugrahmen im Zweiten Weltkrieg hergestellt wurden Aluminium
41%
Erstmals 1940 produziert, wurde es nur fünf Jahre später mit explosiven Ergebnissen eingesetzt Plutonium
34%
Das häufigste Element in der Erdkruste Sauerstoff
32%
In Minen werden oft Detektoren installiert, um eine Exposition gegenüber diesem radioaktiven Gas zu verhindern Radon
29%
Hat das höchste Verhältnis von Festigkeit zu Gewicht aller metallischen Elemente Titan
29%
Als Gift im Ersten Weltkrieg benutzt Chlor
27%
Eine Verbindung dieses Elements ist der aktive Bestandteil von Pepto-Bismol Bismut
26%
Zur Behandlung der bipolaren Störung Lithium
14%
Hat die langsamste radioaktive Zerfallsrate Blei
6%
Keine übereinstimmenden Quizze gefunden
Verteilung der Resultate
Anzahl Personen mit jedem Resultat
Perzentil nach korrekt beantworteten Fragen
Ihre Resultats-Entwicklung
Sie haben dieses Quiz noch nicht gespielt